600 modelos seleccionados de contratos

Bibliographic Details
Main Author: Sans,̤ Miguel Antonio
Format: Unknown
Language:Spanish
Published: Rosario : Editorial Juris, 2008
Subjects:
Online Access:Acceso restringido

MARC

LEADER 00000ny a22000003n 4500
005 20110620110313.0
008 051229s2008 ag w 000 0 spa
020 |a 9789508173119 
035 |a 2276 
040 |a BUS  |d vLex 
090 |c 866  |d 866 
100 1 |a Sans,̤ Miguel Antonio 
245 1 0 |a 600 modelos seleccionados de contratos  |h [Recurso electrn̤ico]  |c Miguel A. Sans̤ 
256 |a Servicio en ln̕ea. 
260 |a Rosario :  |b Editorial Juris,  |c 2008 
300 |a p. ;  |c cm 
650 0 4 |a Contratos  |z Argentina 
740 0 |a vLex Libros (Servicios en ln̕ea) 
856 4 0 |z Acceso restringido  |u http://vlex.com/source/2276 
942 |c BOOK 
999 0 |a Law  |b Argentina